00517nam a2200169Ia 4500003000900000008004100009040001600050080001600066245011100082260001700193300000900210650004100219650002100260650001500281700002300296700002800319IN-BaIIA211028s9999 xx 000 0 eng d cIIA Library a520.82bBED 3aAn album of celestial photographscedited by A. L. Bedell  aU.S.A.c1946 a64p. aAstronomy and Astrophysics Thesaurus aCelestial Bodies aPhotometry aBedell, A. L., ed. aGreenberg, J. Mayo, ed.